Handbook of Research on Entrepreneurship and Marketing for Global Reach in the Digital Economy
Salvato in:
| Altri autori: | , |
|---|---|
| Natura: | Libro |
| Lingua: | inglese |
| Pubblicazione: |
Hershey
IGI Global (Business Science Reference )
2018
|
| Serie: | Advances in Business Strategy and Competitive Advantage (ABSCA)
|
| Soggetti: | |
| Tags: |
Nessun Tag, puoi essere il primo ad aggiungerne!!
|
MARC
| LEADER | 00000nlm a2200000 4500 | ||
|---|---|---|---|
| 001 | 0248410 | ||
| 005 | 20240221112807.4 | ||
| 020 | |a 9781522563075 | ||
| 020 | |a 9781522563082 | ||
| 041 | 0 | |a eng | |
| 044 | |a US | ||
| 245 | 1 | 0 | |a Handbook of Research on Entrepreneurship and Marketing for Global Reach in the Digital Economy |c Editors: Luisa Cagica Carvalho, Pedro Isaias |
| 264 | 1 | |a Hershey |b IGI Global (Business Science Reference ) |c 2018 | |
| 300 | |a 609 s. | ||
| 490 | 1 | |a Advances in Business Strategy and Competitive Advantage (ABSCA) | |
| 830 | 0 | |a Advances in Business Strategy and Competitive Advantage (ABSCA) | |
| 610 | 2 | 0 | |a podnikanie |
| 610 | 2 | 0 | |a ženy |
| 610 | 2 | 0 | |a podnikanie sociálne |
| 610 | 2 | 0 | |a zodpovednosť podniku spoločenská |
| 610 | 2 | 0 | |a marketing |
| 610 | 2 | 0 | |a globalizácia |
| 610 | 2 | 0 | |a výskum |
| 610 | 2 | 0 | |a politika hospodárska |
| 610 | 2 | 0 | |a digitalizácia |
| 610 | 2 | 0 | |a start-up |
| 610 | 2 | 0 | |a obchod elektronický |
| 610 | 2 | 0 | |a internet |
| 610 | 2 | 0 | |a siete sociálne |
| 700 | 1 | |a Carvalho, Luisa Cagica | |
| 700 | 1 | |a Isaias, Pedro | |